Mineralized tissues in oral and craniofacial science: biological principles and clinical correlates (Record no. 32076)

MARC details
000 -LEADER
fixed length control field 00726nam a2200169 a 4500
008 - FIXED-LENGTH DATA ELEMENTS--GENERAL INFORMATION
fixed length control field 160126s2012 ||||||||||||||||| || u
020 ## - INTERNATIONAL STANDARD BOOK NUMBER
International Standard Book Number 9780470958339
050 ## - LIBRARY OF CONGRESS CALL NUMBER
Classification number RC 930 Min
100 ## - MAIN ENTRY--PERSONAL NAME
Personal name McCauley, Laurie K
245 10 - TITLE STATEMENT
Title Mineralized tissues in oral and craniofacial science: biological principles and clinical correlates
Statement of responsibility, etc. Edited by Laurie K. McCauley and Martha J. Somerman
260 ## - PUBLICATION, DISTRIBUTION, ETC.
Place of publication, distribution, etc. Oxford
Name of publisher, distributor, etc. Wiley-Blackwell
Date of publication, distribution, etc. 2012
300 ## - PHYSICAL DESCRIPTION
Extent xix, 370p.: ill.
350 ## -
-- 157.99
650 ## - SUBJECT ADDED ENTRY--TOPICAL TERM
Topical term or geographic name entry element TOOTH - CYTOLOGY
650 ## - SUBJECT ADDED ENTRY--TOPICAL TERM
Topical term or geographic name entry element BONE REGENERATION
995 ## -
-- MEDICAL LIBRARY OPEN ACCESS
-- 903605
-- CBU-SCHOOL OF MEDICINE LIBRARY (Ndola)
-- 157.99
-- RC 930 Min
-- 1
-- AVAILABLE
-- Feb 10, 2016
-- 903605
-- Medical Library Open Access Collection
999 ## -
-- 32076
-- 32076
Holdings
Withdrawn status Lost status Source of classification or shelving scheme Damaged status Not for loan Permanent Location Current Location Shelving location Date acquired Total Checkouts Full call number Barcode Date last seen Price effective from Koha item type
          CBU-SCHOOL OF MEDICINE LIBRARY, NDOLA. CBU-SCHOOL OF MEDICINE LIBRARY, NDOLA.   11/30/2022   RC 930 Min 903605 11/30/2022 11/30/2022 MONOGRAPH